UBT Library

Criminal justice today : (Record no. 38978)

000 -LEADER
fixed length control field 01043cam a2200301 a 4500
001 - CONTROL NUMBER
control field 17032302
005 - DATE AND TIME OF LATEST TRANSACTION
control field 20171215042140.0
008 - FIXED-LENGTH DATA ELEMENTS--GENERAL INFORMATION
fixed length control field 111103s2013 njuab b 001 0 eng
010 ## - LIBRARY OF CONGRESS CONTROL NUMBER
LC control number 2011045709
020 ## - INTERNATIONAL STANDARD BOOK NUMBER
International Standard Book Number 9780132739818 (hbk.)
020 ## - INTERNATIONAL STANDARD BOOK NUMBER
International Standard Book Number 013273981X (hbk.)
020 ## - INTERNATIONAL STANDARD BOOK NUMBER
International Standard Book Number 9780132740005 (loose leaf)
020 ## - INTERNATIONAL STANDARD BOOK NUMBER
International Standard Book Number 0132740001 (loose leaf)
035 ## - SYSTEM CONTROL NUMBER
System control number (OCoLC)ocn759696024
040 ## - CATALOGING SOURCE
Original cataloging agency DLC
Language of cataloging eng
Transcribing agency DLC
Modifying agency YDX
-- YDXCP
-- BWX
-- DLC
041 ## - LANGUAGE CODE
Language code of text/sound track or separate title eng
042 ## - AUTHENTICATION CODE
Authentication code pcc
043 ## - GEOGRAPHIC AREA CODE
Geographic area code n-us---
080 ## - UNIVERSAL DECIMAL CLASSIFICATION NUMBER
Universal Decimal Classification number 364.973 FRA
082 00 - DEWEY DECIMAL CLASSIFICATION NUMBER
Classification number 364.973 FRA
Edition number 23
100 1# - Rafti
Rafti 13
101 ## - Shkurtesa
Shkurtesa LAW
245 10 - TITLE STATEMENT
Title Criminal justice today :
Statement of responsibility, etc Frank Schmalleger.
504 ## - BIBLIOGRAPHY, ETC. NOTE
Bibliography, etc Includes bibliographical references and indexes.
906 ## - LOCAL DATA ELEMENT F, LDF (RLIN)
a 0
b vip
c orignew
d 1
e ecip
f 20
g y-gencatlg
942 ## - ADDED ENTRY ELEMENTS (KOHA)
Source of classification or shelving scheme
Item type Books
Holdings
Withdrawn status Lost status Source of classification or shelving scheme Damaged status Not for loan Collection code Permanent location Current location Shelving location Date acquired Total Checkouts Full call number Barcode Date last seen Price effective from Koha item type
          Koleksioni i përgjithshem UBT - Lipjan UBT - Lipjan Koleksioni i përgjithshem 12/15/2017   364.973 FRA 002-2939145 12/15/2017 12/15/2017 Books
UBT Library © 2015-2024. All rights reserved University Education for Business and Technology